00632 a2200193 4500003000500000005001700005040000900022082001000031100002800041245012800069260001400197300000900211538002900220650001600249651001900265942000800284999001900292952012700311Nust20170207153433.0 cNust a005.1 aAsghar , Amina BESE-08 aArrhythmia detection and clasification using rhythm origin and heart rate varoationcAmina , Asghar & Saadia Ahmed BESE-08 bMCSc2006 a79 p aAlmirah No 71 Shelf No 5 aUG Projects aUG CS Projects cTHS c186187d186187 00102ddc4070aMCSbMCScREFd2016-12-12o005.1 ,ASGpMCSPCS-127r2016-12-08w2016-12-12yPRzAlmirah No.89, Shelf No. 3